UBT Library

The Merck manual of medical information / (Record no. 39084)

000 -LEADER
fixed length control field 00897cam a2200265 a 4500
001 - CONTROL NUMBER
control field 1638430
005 - DATE AND TIME OF LATEST TRANSACTION
control field 20171218074952.0
008 - FIXED-LENGTH DATA ELEMENTS--GENERAL INFORMATION
fixed length control field 971201s1997 njua b 001 0 eng d
010 ## - LIBRARY OF CONGRESS CONTROL NUMBER
LC control number 96080494
020 ## - INTERNATIONAL STANDARD BOOK NUMBER
International Standard Book Number 0911910875
035 ## - SYSTEM CONTROL NUMBER
System control number (OCoLC)37599922
040 ## - CATALOGING SOURCE
Original cataloging agency DNLM
Transcribing agency DNLM
Modifying agency IChamL
-- NvLC
-- NjPERS
-- WU
-- InVi
-- TxFCO
-- WaU
-- DLC
041 ## - LANGUAGE CODE
Language code of text/sound track or separate title eng
042 ## - AUTHENTICATION CODE
Authentication code lccopycat
060 00 - NATIONAL LIBRARY OF MEDICINE CALL NUMBER
Classification number 616
Item number M555 1997
080 ## - UNIVERSAL DECIMAL CLASSIFICATION NUMBER
Universal Decimal Classification number 616
082 00 - DEWEY DECIMAL CLASSIFICATION NUMBER
Classification number 616 BER
Edition number 21
100 ## - Rafti
Rafti 3
101 ## - Shkurtesa
Shkurtesa SHM
245 04 - TITLE STATEMENT
Title The Merck manual of medical information /
Statement of responsibility, etc Robert Berkow, editor-in-chief ; Mark H. Beers, associate editor ; Andrew J. Fletcher, senior assistant editor.
246 30 - VARYING FORM OF TITLE
Title proper/short title Manual of medical information
906 ## - LOCAL DATA ELEMENT F, LDF (RLIN)
a 7
b cbc
c copycat
d 2
e opcn
f 19
g y-gencatlg
942 ## - ADDED ENTRY ELEMENTS (KOHA)
Source of classification or shelving scheme
Item type Books
Holdings
Withdrawn status Lost status Source of classification or shelving scheme Damaged status Not for loan Collection code Permanent location Current location Shelving location Date acquired Total Checkouts Full call number Barcode Date last seen Price effective from Koha item type
          Koleksioni i përgjithshem UBT - Lipjan UBT - Lipjan Koleksioni i përgjithshem 12/18/2017   616 BER 002-2939619 12/18/2017 12/18/2017 Books
UBT Library © 2015-2024. All rights reserved University Education for Business and Technology